América Latina entre fronteras difusas: desafíos para la integración /
La llegada del siglo XXI viene marcada por la mayor frustración de los latinoamericanos, al ver a una región desunida, fragmentada, con múltiples problemáticas, que avanza muy lentamente en la búsqueda de la añorada integración. La autora propone que, desde los distintos organismos regionales que se...
Bewaard in:
| Hoofdauteur: | |
|---|---|
| Formaat: | Texto |
| Onderwerpen: | |
| Tags: |
Voeg label toe
Geen labels, Wees de eerste die dit record labelt!
|
MARC
| LEADER | 00000 a a2200000 04500 | ||
|---|---|---|---|
| 001 | 40711 | ||
| 003 | |||
| 040 | |a CRAI/IIS |c CRAI/IIS | ||
| 100 | |a Alvarez de Flores, Raquel | ||
| 245 | |a América Latina entre fronteras difusas: |b desafíos para la integración / |c Raquel Alvarez de Flores | ||
| 520 | |a La llegada del siglo XXI viene marcada por la mayor frustración de los latinoamericanos, al ver a una región desunida, fragmentada, con múltiples problemáticas, que avanza muy lentamente en la búsqueda de la añorada integración. La autora propone que, desde los distintos organismos regionales que se ocupan de la integración, se hace necesario concebir los mayores esfuerzos para privilegiar la integración fronteriza con enfásis en el desarrollo social y humano de las poblaciones de frontera. | ||
| 590 | |a RRH/2012SEPTIEMBRE | ||
| 650 | |a INTEGRACION | ||
| 650 | |a FRONTERAS | ||
| 650 | |a ESTADO | ||
| 650 | |a INDEPENDENCIA | ||
| 650 | |a SOBERANIA | ||
| 650 | |a CONFLICTOS | ||
| 650 | |a AMERICA LATINA | ||
| 773 | |g volumen18, número32 (2007), páginas 11-24 | ||
| 999 | |c 20216 |d 20216 | ||
